000
00372nam a2200133Ia 4500
008
151001s9999||||xx |||||||||||||| ||und||
100
_a
वि के फडके
245
_a
देवपूजा कशी करावी
250
_a
1
260
_b
अंजली प्रकाशन पुणे
260
_c
1993
300
_a
96
365
_b
18
999
_c
971075
_d
971072